Prevención y recuperación del alcoholismo (Registro nro. 83861)
[ vista simple ]
| 000 -CABECERA | |
|---|---|
| Longitud fija campo de control | 02010nam a2200301 4500 |
| 003 - IDENTIFICADOR DEL NÚMERO DE CONTROL | |
| Identificador del número de control | EC-QuCCB |
| 005 - FECHA Y HORA DE LA ÚLTIMA TRANSACCIÓN | |
| Fecha y hora de la última transacción | 20260415142453.0 |
| 007 - CAMPO FIJO DE DESCRIPCIÓN FÍSICA--INFORMACIÓN GENERAL | |
| Campo fijo de descripción física | ta |
| 008 - DATOS DE LONGITUD FIJA--INFORMACIÓN GENERAL | |
| Códigos de información de longitud fija | 260414s2002 ec ||||gr|||| 001 0 spa d |
| 020 ## - NÚMERO INTERNACIONAL ESTÁNDAR DEL LIBRO | |
| Número Internacional Normalizado para Libros (ISBN) | 9978-42-701-5 |
| 040 ## - FUENTE DE LA CATALOGACIÓN | |
| Centro catalogador de origen | EC-QuCCB |
| 041 ## - CÓDIGO DE LENGUA | |
| Código de lengua del texto;banda sonora o título independiente | spa |
| 082 ## - NÚMERO DE LA CLASIFICACIÓN DECIMAL DEWEY | |
| Número de clasificación | 362.292 |
| Número de documento | M912 |
| 100 1# - ENTRADA PRINCIPAL--NOMBRE DE PERSONA | |
| Nombre de persona | Mosler Wagner, Eduardo, |
| 9 (RLIN) | 44553 |
| 245 1# - MENCIÓN DE TÍTULO | |
| Título | Prevención y recuperación del alcoholismo |
| Mención de responsabilidad, etc. | Eduardo Mosler Wagner |
| 250 ## - MENCIÓN DE EDICIÓN | |
| Mención de edición | Primera edición |
| 260 ## - PUBLICACIÓN, DISTRIBUCIÓN, ETC. (PIE DE IMPRENTA) | |
| Lugar de publicación, distribución, etc. | Quito, Ecuador : |
| Nombre del editor, distribuidor, etc. | Aser imprenta, |
| Fecha de publicación, distribución, etc. | 2002 |
| 300 ## - DESCRIPCIÓN FÍSICA | |
| Extensión | 160 páginas ; |
| Dimensiones | 21 cm |
| 336 ## - TIPO DE CONTENIDO | |
| Content type term | texto |
| Content type code | txt |
| 337 ## - TIPO DE MEDIO | |
| Media type term | no mediado |
| Media type code | n |
| 338 ## - TIPO DE PORTADOR | |
| Carrier type term | volumen |
| Carrier type code | nc |
| 505 ## - NOTA DE CONTENIDO CON FORMATO | |
| Nota de contenido con formato preestablecido | Clasificación de bebedores -- El alcoholismo y la delincuencia -- Prevención del alcoholismo -- Recuperación del alcoholismo -- Auto análisis de la personalidad -- Compartir la sobriedad con otros alcohólicos y personas interesadas en el proceso de prevención y recuperación del alcoholismo -- Pensamientos de motivación positiva |
| 520 ## - SUMARIO, ETC. | |
| Sumario, etc, | El consumo desmedido e irresponsable del alcohol, ha sido, es y será la causa de mucho dolor y destrucción en la humanidad. Los objetivos del presente libro son lograr una visión mas amplia y profunda sobre el contenido y las consecuencias de la enfermedad del alcoholismo, permitiendo una adecuada prevención y la recuperación oportuna y efectiva de la misma. Cabe insistir, que para cumplir con estos propósitos, es de suma importancia además de la orientación respectiva la práctica de una comunicación franca y constante, las motivaciones entusiastas, especialmente de orden espiritual, intelectual, y profesional; así como la acción positiva de los principios mas preciados de relaciones humanas. Con estos antecedentes vamos a conseguir una amable comprensión compartida entre niños, jóvenes y adultos, deseando y propiciando la auténtica solidaridad de nuestra patria. |
| 590 ## - NOTA LOCAL (RLIN) | |
| Nota local | bgg |
| 650 #4 - PUNTO DE ACCESO ADICIONAL DE MATERIA--TÉRMINO DE MATERIA | |
| Nombre de materia o nombre geográfico como elemento de entrada | Alcoholismo |
| 9 (RLIN) | 10911 |
| 942 ## - ELEMENTOS DE PUNTO DE ACCESO ADICIONAL (KOHA) | |
| Fuente de clasificaión o esquema | Dewey Decimal Classification |
| Koha [por defecto] tipo de item | Monografía |
| Suprimido | Perdido | Fuente de clasificación o esquema | Estropeado | Restricciones de uso | No se presta | Koha Colección | Localización (Biblioteca) | Localización actual | Localización en estanterías | Fecha adquisición | Fuente de adquisición | Préstamos totales | Clasificación completa | Designación de pieza (código de barras) | Fecha última consulta | Número de ejemplar | Fecha del precio de reemplazo | Tipo de item de Koha |
|---|---|---|---|---|---|---|---|---|---|---|---|---|---|---|---|---|---|---|
| Disponible | Dewey Decimal Classification | Sin daños | Sin restricciones de uso | Disponible para préstamo | CIENCIAS SOCIALES | Biblioteca y Archivo de la CCE | Biblioteca y Archivo de la CCE | CIENCIAS SOCIALES | 14/04/2026 | Donación Dietlind Brehme | 362.292 M912 | 0006343 | 14/04/2026 | Ej. 1 | 14/04/2026 | Monografía |























